|
|
|
|
| LEADER |
00000cam a2200000 a 4500 |
| 001 |
vtls008400113 |
| 003 |
SK-MaSNL |
| 005 |
20260426014722.0 |
| 008 |
181118s1945 xo oa 000 0 slo |
| 015 |
|
|
|a SKSNBA19451955-011851
|
| 035 |
|
|
|a SK01SNKBKSFS20010092330
|
| 035 |
|
|
|a SKM000094793
|
| 040 |
|
|
|a SNK
|b slo
|c SNK
|e AACR2
|
| 041 |
0 |
|
|a slo
|
| 043 |
|
|
|a e-xo---
|
| 044 |
|
|
|a xo
|c SK
|
| 072 |
|
7 |
|a 355/359
|x Vojenstvo. Obrana krajiny. Ozbrojené sily
|2 konspekt
|
| 080 |
|
|
|a 355.426(437.6)"1944"
|2 2001
|
| 080 |
|
|
|a (084.12)
|2 2001
|
| 100 |
1 |
|
|a Székely, Ivan
|4 aut
|4 pht
|9 511941
|
| 245 |
1 |
0 |
|a Slovenské národné povstanie
|b obrazová pamätnica hrdinskej borby slovenského národa za slobodu
|c (sprievodné texty s použitím materiálu z doby povstania nap. Ivan Székely) ; (foto: Ivan Székely, Ján Krákora, Karol Krška, Vlado Čúz) ; (farebné fotografie Zbyněk Bláha)
|
| 260 |
|
|
|a [Bratislava]
|b Povereníctvo SNR pre informácie
|c [1945]
|e Turčiansky sv. Martin
|f Neografia
|
| 300 |
|
|
|a [34] s.
|b fotogr., obr.
|c 4° (30,5x24,5 cm)
|
| 500 |
|
|
|a Ob. tit.
|
| 500 |
|
|
|a Obsahuje fotografie z priebehu Slovenského národného povstania
|
| 648 |
|
7 |
|a 1944
|2 SVKBBPH
|9 294704
|
| 650 |
0 |
7 |
|a Slovenské národné povstanie (1944)
|2 SNKPH
|9 177948
|
| 651 |
|
7 |
|a Slovensko
|2 SNKPHgeo
|9 14231
|
| 655 |
|
7 |
|a jubilejné publikácie
|2 SNKPH
|9 70339
|
| 655 |
|
7 |
|a fotografické publikácie
|2 SNKPH
|9 70483
|
| 700 |
1 |
|
|a Krákora, Ján
|4 pht
|9 430509
|
| 700 |
1 |
|
|a Krška, Karol,
|d 1920-1989
|4 pht
|9 242216
|
| 700 |
1 |
|
|a Lettrich, Jozef,
|d 1905-1969
|4 aui
|9 145600
|
| 700 |
1 |
|
|a Čúz, Vlado
|4 pht
|9 740784
|
| 700 |
1 |
|
|a Bláha, Zbyněk
|4 pht
|9 386024
|
| 852 |
|
|
|a Slovenská národná knižnica v Martine
|b 10000
|h MS SB 1001/1
|
| 958 |
|
|
|a RK
|
| 958 |
|
|
|a TL
|
| 958 |
|
|
|a DG
|
| 999 |
|
|
|c 1166401
|d 1168331
|
| 952 |
|
|
|a SNK
|b SNK
|y VYP
|7 0
|p 17A1346281
|o snkSB 1001/1-p D1
|i snkK 2971/63
|8 3
|0 0
|1 0
|4 0
|d 2024-06-18
|l 0
|r 2026-02-24 20:49:40
|w 2026-02-24
|
| 952 |
|
|
|a SNK
|b SNK
|y VYP
|7 0
|p 17A1346280
|o snkSB 1001/1-p D2
|i snkK 1330/70
|8 3
|0 0
|1 0
|4 0
|d 2024-06-18
|l 0
|r 2026-02-24 20:49:40
|w 2026-02-24
|
| 952 |
|
|
|a SNK
|b SNK
|y PREZ
|7 0
|p 17A0739258
|o snkSB 1001/1-p
|i snkI. 584/45
|0 0
|1 0
|4 0
|d 2024-06-18
|l 0
|r 2025-02-07 00:00:00
|w 2026-02-24
|